000 00756nam a2200253 i 4500
003 DO-SdBNP
005 20240405142055.0
007 ta
008 240405b1998 dr ||||| |||| 00| 0 spa d
020 _a8492311320
040 _aDO-SdBNP
_bspa
_cBNPHU
_erda
082 4 _222
100 _aTobal, Vinicio,
_935822
_eautor
245 1 3 _aEl arbitraje internacional /
_cVinicio Tobal
264 _aSanto Domingo :
_bAlfa & Omega,
_c1998.
300 _a152 páginas ;
_c21 cm.
336 _2rdacontent
_atexto
_btxt
337 _2rdamedia
_asin mediación
_bn
338 _2rdacarrier
_avolumen
_bnc
500 _aIncluye referencias bibliográficas y notas al pie de las páginas
590 _aInventariado, 2024/BT
910 _aBtavárez
942 _2ddc
_cLBS1
999 _c56275
_d56275